| 000 | 01503nam a22002777a 4500 | ||
|---|---|---|---|
| 999 |
_c65121 _d65121 |
||
| 005 | 20240530110808.0 | ||
| 008 | 190115s2018 ua a g 000 0 ara d | ||
| 017 |
_a10936 _bمصر. دار الكتب |
||
| 020 | _a9789777332071 | ||
| 040 |
_aEG-CaGPL _cEG-CaGPL |
||
| 082 | 0 | 4 |
_221 _a657.450285 / _bهـ د |
| 100 | 0 | _aهانى خليل فرج | |
| 245 |
_aدراسات متقدمة فى المراجعة الالكترونية : _bالاثار - التحديات - التطبيقات : تقنيات الغش واساءة استخدام الحاسب الالى - الفصاح الالكترونى للبيانات وادلة الاثبات - استخدام اساليب التنقيب فى البيانات ( DM ) فى اكتشاف الغش - حوكمة تكنولوجيا المعلومات / _cهانى خليل فرج ، حسام محمد مبارك ، محمد فوزى محمد ، دعاء حافظ امام |
||
| 250 | _aط.1 | ||
| 260 |
_aالقاهرة : _bدار التعليم الجامعى، _c2018 . |
||
| 300 |
_a401 ص. : _bايض ؛ _c24 سم. |
||
| 650 | 0 | 7 |
_2qrmak _aتكنولوجيا المعلومات |
| 650 | 0 | 7 |
_aالغش _2qrmak |
| 650 | 0 | 7 |
_aالتجارة الالكترونية _2qrmak |
| 651 | _2qrmak | ||
| 700 | 0 |
_aحسام محمد مبارك _eمؤلف مشارك |
|
| 700 | 0 |
_aدعاء حافظ امام _eمؤلف مشارك |
|
| 700 | 0 |
_aمحمد فوزى محمد _eمؤلف مشارك |
|
| 942 |
_2ddc _cBK |
||